Nanotechnológie: možnosti a riziká

Podrobná bibliografia
Hlavný autor: Korenko, Michal (Autor)
Médium: Článok
Jazyk:slovenčina
Fyzický popis:Fotogr.
ISSN:1335-4000
Predmet:

MARC

LEADER 00000nab a2200000 a 4500
001 vtls009959210
003 SK-MaSNL
005 20260304151545.0
008 250506c2009 xo |||||||||||000 b|slo
015 |a SNBRB2009/10  |2 snkbucl 
035 |a (uuid)1ce1ec6c-4d25-4c73-8528-ea7574abee69 
035 |a urn:nbn:sk:snk-ab2xdr 
035 |a (urnnbn)urn:nbn:sk:snk:ar-a032du 
038 |a SNKBUCL 
040 |a SNKBUCL  |b slo  |c SNKBUCL  |e AACR2 
041 0 |a slo 
044 |a xo  |c SK 
080 |a 62-022.53  |2 2001 
080 |a 620.2-022.53  |2 2001 
100 1 |a Korenko, Michal  |4 aut  |9 319145 
245 1 0 |a Nanotechnológie: možnosti a riziká  |c Michal Korenko 
300 |b Fotogr. 
650 0 7 |a nanotechnológia  |2 snkbucl  |9 160903 
650 0 7 |a nanomateriály  |2 snkbucl  |9 79812 
773 0 |t Quark  |g Roč. XV, č. 6 (2009), s. 18-19  |x 1335-4000 
850 |a Slovenská národná knižnica 
852 |a Slovenská národná knižnica 
954 |a odborná, vedecká literatúra pôvodná (slovenská)  |2 lita 
958 |a article2022 
958 |a OND 
958 |a EUIPO 
999 |c 2944404  |d 2946334